[Event "Druzynowe Mistrzostwa Polski Juniorow - "]
[Site "Osrodek Wczasowo - Szkoleniowy"]
[Date "????.??.??"]
[Round "1"]
[White "Dragun, Kamil"]
[Black "Swiercz, Dariusz"]
[Result "1/2-1/2"]
[WhiteElo "2420"]
[BlackElo "2553"]
[PlyCount "120"]

1. e4 c6 2. d4 d5 3. Nc3 dxe4 4. Nxe4 Nd7 5. Nf3 Ngf6 6. Bd3 Nxe4 7. Bxe4 Nf6
8. Bd3 Bg4 9. c3 e6 10. h3 Bh5 11. Qe2 Qd5 12. Bf4 Be7 13. Be5 O-O 14. Bxf6
Bxf3 15. Qxf3 Qxf3 16. gxf3 Bxf6 17. Ke2 Rfd8 18. Be4 g6 19. Rhd1 Rd7 20. a4 a5
21. Rab1 Be7 22. Kf1 Rad8 23. Bc2 Kg7 24. Ke2 Kf6 25. Rd3 Bf8 26. Rbd1 Rd5 27.
Bb3 Rh5 28. Rh1 Rh4 29. Rdd1 Be7 30. Kf1 c5 31. dxc5 Rxd1+ 32. Bxd1 Bxc5 33.
Bc2 Rh5 34. Be4 b6 35. Kg2 Rg5+ 36. Kf1 Ke5 37. Rg1 Rh5 38. Kg2 f5 39. Bc6 Rg5+
40. Kf1 Rxg1+ 41. Kxg1 Kf4 42. Kg2 e5 43. Bd5 g5 44. Be6 h6 45. Bd7 e4 46. fxe4
fxe4 47. Bc6 Bd6 48. Bd5 Bc5 49. Bc6 h5 50. Be8 g4 51. hxg4 hxg4 52. Bc6 Be7
53. Bb7 Bd6 54. Bc6 e3 55. fxe3+ Kxe3 56. Bd7 g3 57. b3 Kd3 58. Bb5+ Kxc3 59.
Bc4 b5 60. Bxb5 Kxb3 1/2-1/2

[Event "Druzynowe Mistrzostwa Polski Juniorow - "]
[Site "Osrodek Wczasowo - Szkoleniowy"]
[Date "????.??.??"]
[Round "1"]
[White "Wieczorek, Oskar"]
[Black "Siwiec, Arkadiusz"]
[Result "1-0"]
[WhiteElo "2383"]
[BlackElo "2123"]
[PlyCount "61"]

1. e4 c5 2. Nf3 d6 3. d4 cxd4 4. Nxd4 Nf6 5. Nc3 a6 6. f4 e5 7. Nf3 Nbd7 8. a4
Be7 9. Bd3 b6 10. O-O Bb7 11. Kh1 Qc7 12. Qe1 O-O 13. Nh4 Rfe8 14. fxe5 Nxe5
15. Nf5 Bf8 16. Bg5 Nfd7 17. Qg3 f6 18. Bf4 Kh8 19. Rad1 Nc5 20. Ne3 Rad8 21.
Ned5 Qc6 22. b4 Ncd7 23. Be3 Nc4 24. Bd4 b5 25. axb5 axb5 26. Rf5 Nde5 27. Rh5
Qd7 28. Rf1 Bxd5 29. Nxd5 Nxd3 30. Qg6 h6 31. Nxf6 1-0

[Event "Druzynowe Mistrzostwa Polski Juniorow - "]
[Site "Osrodek Wczasowo - Szkoleniowy"]
[Date "????.??.??"]
[Round "1"]
[White "Koitka, Jakub"]
[Black "Khamidov, Komil"]
[Result "1-0"]
[WhiteElo "1920"]
[BlackElo "2040"]
[PlyCount "123"]

1. e4 e5 2. Nf3 Nc6 3. Bb5 a6 4. Ba4 Nf6 5. O-O b5 6. Bb3 Bc5 7. c3 d6 8. d4
Ba7 9. a4 b4 10. h3 O-O 11. Bg5 h6 12. Bh4 Bb7 13. d5 Na5 14. Bc2 b3 15. Bd3 g5
16. Bg3 c6 17. c4 cxd5 18. cxd5 Nd7 19. Nc3 Nc5 20. Nh2 Bc8 21. Bb1 Qf6 22. Qe2
Rb8 23. Nd1 Bd7 24. Ne3 Qg6 25. Nf5 Bxf5 26. exf5 Qg7 27. f6 Qxf6 28. Qh5 e4
29. Ng4 Qg6 30. Bxd6 Qxh5 31. Nf6+ Kh8 32. Nxh5 f5 33. Rc1 Rbc8 34. Bxf8 Rxf8
35. Ng3 Kg7 36. Kf1 Kf6 37. f3 Ke5 38. Ke2 Rd8 39. fxe4 fxe4 40. Rf1 Nc4 41.
Rf7 Bb6 42. Nxe4 Re8 43. a5 Nxe4 44. Bxe4 Bd4 45. Bf3 Kd6+ 46. Kd3 Bxb2 47.
Kxc4 Bxa1 48. Kxb3 Rb8+ 49. Kc4 Rc8+ 50. Kd3 Rc5 51. Rh7 Rxa5 52. Rxh6+ Kd7 53.
Bg4+ Kd8 54. d6 Re5 55. Rh8+ Re8 56. Rh7 Re5 57. Kc4 Re4+ 58. Kc5 Bc3 59. Rb7
Ke8 60. d7+ Ke7 61. Rb8 Ba5 62. Re8+ 1-0

[Event "Druzynowe Mistrzostwa Polski Juniorow - "]
[Site "Osrodek Wczasowo - Szkoleniowy"]
[Date "????.??.??"]
[Round "1"]
[White "Kulas, Szymon"]
[Black "Delekta, Filip"]
[Result "1-0"]
[WhiteElo "1945"]
[BlackElo "1848"]
[PlyCount "77"]

1. e4 c5 2. Nf3 e6 3. d4 cxd4 4. Nxd4 Nc6 5. Nc3 Qc7 6. Be3 a6 7. Qd2 Nxd4 8.
Bxd4 Ne7 9. O-O-O Nc6 10. Be3 b5 11. Kb1 Be7 12. Be2 Bb7 13. f4 Rc8 14. Rhe1 d6
15. f5 Ne5 16. fxe6 fxe6 17. Bd3 Qc6 18. Ne2 Nc4 19. Bxc4 Qxc4 20. e5 Be4 21.
exd6 Qxc2+ 22. Ka1 Bf6 23. d7+ Kf7 24. Qxc2 Rxc2 25. Bd4 Bd5 26. Bxf6 gxf6 27.
Nc3 Rd8 28. Nxd5 exd5 29. Rxd5 Rxg2 30. a4 bxa4 31. Re4 Rxh2 32. Rd3 a3 33.
bxa3 Rc2 34. Rh4 Rc7 35. Rxh7+ Ke6 36. Re3+ Kd5 37. Ree7 Rb8 38. d8=Q+ Rxd8 39.
Rxc7 1-0

[Event "Druzynowe Mistrzostwa Polski Juniorow - "]
[Site "Osrodek Wczasowo - Szkoleniowy"]
[Date "????.??.??"]
[Round "1"]
[White "Wisniowska, Klaudia"]
[Black "Iwanow, Anna"]
[Result "1-0"]
[WhiteElo "2022"]
[BlackElo "2162"]
[PlyCount "125"]

1. e4 c5 2. Nf3 d6 3. d4 cxd4 4. Nxd4 Nf6 5. Nc3 a6 6. Be3 e5 7. Nb3 Be7 8. Be2
Be6 9. O-O b5 10. a4 b4 11. Nd5 Bxd5 12. exd5 O-O 13. a5 Nbd7 14. Ra4 Nc5 15.
Rxb4 Nfd7 16. Nxc5 dxc5 17. Ra4 Nf6 18. c4 Rb8 19. Qc2 Bd6 20. Bg5 h6 21. Bd2
Qe7 22. Ra3 e4 23. Re1 Qe5 24. g3 Rxb2 25. Qc1 Rb7 26. Bc3 Qf5 27. Qa1 Ng4 28.
Bxg4 Qxg4 29. Be5 Rd7 30. Bxd6 Rxd6 31. Qe5 Rfd8 32. Rxe4 Qd1+ 33. Re1 Qd2 34.
Qe3 Qb4 35. Rc1 Rb8 36. Kg2 Rdd8 37. Rcc3 Re8 38. Qd3 Rbd8 39. Rcb3 Qe1 40. Rb1
Qe5 41. Qf3 Rf8 42. Rb7 Rd6 43. Qe3 Qd4 44. Qxd4 cxd4 45. Rd3 Rc8 46. Rxd4 Kf8
47. Rb4 g6 48. Kf3 Rc5 49. Ra4 Ke7 50. Re4+ Kd7 51. Rf4 Ke7 52. Ke3 Rd7 53. Kd4
Rdc7 54. Re4+ Kd7 55. Re3 Rc8 56. Rb3 R5c7 57. Rb6 Ra7 58. Rab4 Rcc7 59. c5 Ra8
60. d6 Rca7 61. Kd5 Rc8 62. Rb7+ Rxb7 63. Rxb7+ 1-0

[Event "Druzynowe Mistrzostwa Polski Juniorow - "]
[Site "Osrodek Wczasowo - Szkoleniowy"]
[Date "????.??.??"]
[Round "1"]
[White "Dadello, Aleksandra"]
[Black "Gora, Antonina"]
[Result "0-1"]
[WhiteElo "1802"]
[BlackElo "1667"]
[PlyCount "48"]

1. e4 c5 2. Nf3 d6 3. d4 cxd4 4. Nxd4 Nf6 5. Nc3 e5 6. Ndb5 a6 7. Na3 b5 8. Ne2
Qc7 9. f3 Be6 10. c3 Nbd7 11. Bg5 d5 12. exd5 Nxd5 13. Nc2 Bc5 14. Qd2 Qa7 15.
Ng3 f6 16. c4 bxc4 17. Bxc4 N7b6 18. Bxd5 Nxd5 19. b4 Bb6 20. Ne4 O-O 21. Bh4
Rad8 22. Bf2 Nf4 23. Bxb6 Qxb6 24. Qe3 Nxg2+ 0-1

[Event "Druzynowe Mistrzostwa Polski Juniorow - "]
[Site "Osrodek Wczasowo - Szkoleniowy"]
[Date "2011.??.??"]
[Round "1"]
[White "Kasperek, Kinga"]
[Black "Czaplewska, Klara"]
[Result "1/2-1/2"]
[WhiteElo "1493"]
[BlackElo "1586"]
[PlyCount "112"]
[EventDate "2011.??.??"]

1. c4 c5 2. Nc3 Nf6 3. Nf3 d5 4. cxd5 Nxd5 5. g3 e6 6. Bg2 Be7 7. O-O O-O 8. d3
Nc6 9. Bd2 b6 10. a3 Bb7 11. Qc2 Rc8 12. Rac1 Nd4 13. Qd1 Qd7 14. Nxd4 cxd4 15.
Nxd5 Bxd5 16. h3 Bxg2 17. Kxg2 Qb5 18. b4 Qd5+ 19. Kh2 Qa2 20. a4 Rxc1 21. Qxc1
Qxa4 22. Qb2 e5 23. Rc1 Qd7 24. Qc2 Qf5 25. Kg2 Bd6 26. Qc6 Qe6 27. Qb7 Qa2 28.
Rc6 Qxd2 29. Rxd6 Qxb4 30. Rc6 Qa5 31. Rd6 Qa2 32. Qe4 Re8 33. Rd5 f5 34. Qf3
g6 35. Rd7 e4 36. dxe4 Rxe4 37. Qd3 Qe6 38. Rxa7 Qd5 39. f3 Re8 40. Qd2 Qc4 41.
Kf2 b5 42. Rd7 b4 43. Rxd4 Rxe2+ 44. Qxe2 Qxd4+ 45. Kf1 Kf7 46. Qa2+ Kg7 47.
Qe2 b3 48. Qe7+ Kh6 49. h4 Qd1+ 50. Kg2 Qd2+ 51. Kh3 Qd4 52. Qg5+ Kg7 53. Qe7+
Kg8 54. Qe8+ Kg7 55. Qe7+ Kg8 56. Qe8+ Kg7 1/2-1/2

[Event "Druzynowe Mistrzostwa Polski Juniorow - "]
[Site "Osrodek Wczasowo - Szkoleniowy"]
[Date "2011.??.??"]
[Round "1"]
[White "Lebiedowicz, Borys"]
[Black "Ulanowski, Karol"]
[Result "1/2-1/2"]
[WhiteElo "1682"]
[BlackElo "1949"]
[PlyCount "116"]
[EventDate "2011.??.??"]

1. e4 c5 2. Nf3 d6 3. d4 cxd4 4. Qxd4 Nc6 5. Bb5 Bd7 6. Bxc6 Bxc6 7. Nc3 Nf6 8.
Bg5 e6 9. O-O-O Be7 10. Rhe1 O-O 11. e5 dxe5 12. Qh4 Qc7 13. Nxe5 Rac8 14. Ng4
Nd5 15. Rxd5 f6 16. Rd3 fxg5 17. Qh3 b5 18. Ne5 Rf5 19. Ng4 b4 20. Rxe6 Rff8
21. Ne5 Bb5 22. Rd5 bxc3 23. Rxb5 cxb2+ 24. Rxb2 Rxf2 25. Qb3 Kh8 26. Rxe7 Qxe7
27. Ng6+ hxg6 28. Qh3+ Kg8 29. Qxc8+ Rf8 30. Qc4+ Kh7 31. Rb3 Qe1+ 32. Kb2 Qe5+
33. Ka3 Qa5+ 34. Kb2 Qe5+ 35. Ka3 Qe7+ 36. Qb4 Qxb4+ 37. Kxb4 Rf2 38. Rg3 Rxc2
39. a4 Kg8 40. Kb5 Kf7 41. Rxg5 Kf6 42. h4 Re2 43. Ka6 Re4 44. a5 Rxh4 45. Rb5
Rg4 46. Rb2 Ra4 47. g3 Ra3 48. Rb5 Rxg3 49. Kxa7 Ra3 50. a6 g5 51. Kb7 g4 52.
a7 g3 53. a8=Q Rxa8 54. Kxa8 g5 55. Rb3 g2 56. Rg3 Kf5 57. Kb7 Kf4 58. Rxg2 g4
1/2-1/2

[Event "Druzynowe Mistrzostwa Polski Juniorow - "]
[Site "Osrodek Wczasowo - Szkoleniowy"]
[Date "2011.??.??"]
[Round "1"]
[White "Lewicki, Miroslaw"]
[Black "Weichhold, Pawel"]
[Result "1-0"]
[WhiteElo "2196"]
[BlackElo "2285"]
[PlyCount "107"]
[EventDate "2011.??.??"]

1. e4 c5 2. Nf3 e6 3. c4 Nc6 4. Nc3 Nge7 5. d4 Nxd4 6. Nxd4 cxd4 7. Qxd4 Nc6 8.
Qd2 Bc5 9. Be2 O-O 10. O-O d6 11. a3 a5 12. Nb5 e5 13. Qd3 Be6 14. Be3 a4 15.
Rad1 Na5 16. Qc3 Qb8 17. g3 Rc8 18. Bxc5 dxc5 19. f4 f6 20. Rd6 Re8 21. fxe5
fxe5 22. Qxe5 Bh3 23. Qd5+ Kh8 24. Rf7 Rf8 25. g4 Nc6 26. Rxf8+ Qxf8 27. Qd3
Nd4 28. Rxd4 cxd4 29. Qxh3 Qf4 30. Qf3 Qc1+ 31. Kg2 Qxb2 32. Nd6 h6 33. e5 d3
34. Qxd3 Rf8 35. e6 Qf6 36. Nf7+ Kg8 37. Qd5 Re8 38. Nd6 Rxe6 39. Nxb7 Kh8 40.
Bf3 Qb2+ 41. Kg3 Re3 42. Nd6 Qe2 43. g5 hxg5 44. Nf7+ Kh7 45. Nxg5+ Kh6 46.
Nf7+ Kh7 47. Qf5+ Kg8 48. Ng5 Qe1+ 49. Kg2 Qd2+ 50. Kh3 Qd8 51. Qh7+ Kf8 52.
Qh8+ Ke7 53. Qxg7+ Kd6 54. Nf7+ 1-0

[Event "Druzynowe Mistrzostwa Polski Juniorow - "]
[Site "Osrodek Wczasowo - Szkoleniowy"]
[Date "2011.??.??"]
[Round "1"]
[White "Drop, Szymon"]
[Black "Januszkiewicz, Wojciech"]
[Result "1-0"]
[WhiteElo "1612"]
[BlackElo "1749"]
[PlyCount "81"]
[EventDate "2011.??.??"]

1. e4 c5 2. Nf3 d6 3. d4 cxd4 4. Nxd4 Nf6 5. Nc3 g6 6. Be2 Bg7 7. Be3 O-O 8.
Nb3 Nc6 9. O-O Bd7 10. f4 Rc8 11. Rf2 Na5 12. e5 Rxc3 13. bxc3 Ne4 14. Rf1 Nxb3
15. axb3 Nxc3 16. Qd2 Qc7 17. Bc4 Ne4 18. Qa5 Qc8 19. Bxa7 dxe5 20. fxe5 Be6
21. Bxe6 Qxe6 22. Rae1 Qc6 23. Qb6 Qxc2 24. Qxb7 Nd2 25. Rf2 Qc3 26. Rfe2 e6
27. b4 Nc4 28. Bc5 Rd8 29. Qe7 Rf8 30. Qc7 Ra8 31. b5 Bf8 32. Bxf8 Rxf8 33. Kh1
Ra8 34. Qc6 Ra1 35. Qe4 Ra7 36. Rc2 Nd2 37. Rxc3 Nxe4 38. Rc8+ Kg7 39. b6 Rb7
40. Rxe4 Rxb6 41. h3 1-0

[Event "Druzynowe Mistrzostwa Polski Juniorow - "]
[Site "Osrodek Wczasowo - Szkoleniowy"]
[Date "2011.??.??"]
[Round "1"]
[White "Kanarek, Marcel"]
[Black "Sadzikowki, Daniel"]
[Result "1-0"]
[WhiteElo "2435"]
[BlackElo "2374"]
[PlyCount "133"]
[EventDate "2011.??.??"]

1. e4 e5 2. Nf3 Nc6 3. Bb5 Nf6 4. d3 d6 5. c3 Bd7 6. O-O g6 7. h3 Bg7 8. a4 O-O
9. Bc4 a6 10. a5 Qe8 11. Re1 h6 12. d4 Kh8 13. Nbd2 Nh5 14. Nb3 Rd8 15. dxe5
Nxe5 16. Nxe5 dxe5 17. Nc5 Bb5 18. Qb3 Bxc4 19. Qxc4 Qc6 20. Be3 Nf4 21. Qa4
Nd3 22. Qxc6 bxc6 23. Nxd3 Rxd3 24. Red1 Rxd1+ 25. Rxd1 Kg8 26. Rd7 Rc8 27. Bc5
Bf8 28. Be7 Kg7 29. Bxf8+ Kxf8 30. b4 Ke8 31. Rd3 Rb8 32. Kf1 Ke7 33. Ke2 Ke6
34. Kd2 f6 35. Kc2 h5 36. Kb3 c5 37. Kc4 cxb4 38. cxb4 Ke7 39. h4 Rb7 40. Rd5
c6 41. Rd3 Rb5 42. Rg3 Kf7 43. Rc3 Ke6 44. Kb3 Kd6 45. Rf3 Ke7 46. Kc4 Ke6 47.
Rg3 Kf7 48. Rc3 Ke6 49. Rf3 Rb8 50. Rg3 Kf7 51. Rd3 Ke7 52. Kc5 Rb5+ 53. Kxc6
Rxb4 54. f3 Rb5 55. Rd5 Rb2 56. Rd7+ Ke6 57. Ra7 Rxg2 58. Rxa6 g5 59. Kb7+ Kf7
60. hxg5 fxg5 61. Rb6 Ra2 62. a6 g4 63. fxg4 hxg4 64. a7 g3 65. a8=Q Rxa8 66.
Kxa8 g2 67. Rb1 1-0

[Event "Druzynowe Mistrzostwa Polski Juniorow - "]
[Site "Osrodek Wczasowo - Szkoleniowy"]
[Date "2011.??.??"]
[Round "1"]
[White "Adamowicz, Katarzyna"]
[Black "Chrzaszcz, Malwina"]
[Result "1-0"]
[WhiteElo "2106"]
[BlackElo "2046"]
[PlyCount "81"]
[EventDate "2011.??.??"]

1. e4 c5 2. Nf3 d6 3. d4 cxd4 4. Nxd4 Nf6 5. Nc3 a6 6. Bg5 e6 7. f4 Nbd7 8. Qf3
Qc7 9. Bxf6 gxf6 10. O-O-O b5 11. g4 h5 12. h4 Bb7 13. g5 Rc8 14. Bd3 Qb6 15.
Nce2 Bg7 16. g6 f5 17. Qe3 Nc5 18. gxf7+ Kxf7 19. exf5 e5 20. Qg3 Bxh1 21. Qg6+
Kf8 22. Ne6+ Nxe6 23. fxe6 Rc7 24. fxe5 Qe3+ 25. Kb1 Qxe5 26. c3 Bc6 27. Nd4
Be8 28. Rf1+ Ke7 29. Qg2 Bf6 30. Nf5+ Kf8 31. e7+ Kf7 32. Be4 Bd7 33. Bd5+ Be6
34. Bxe6+ Qxe6 35. Qg3 Rc6 36. Ka1 Be5 37. Qg2 Qd7 38. Nd4+ Ke8 39. Qg6+ Kxe7
40. Rf7+ Kd8 41. Rxd7+ 1-0

[Event "Druzynowe Mistrzostwa Polski Juniorow<br"]
[Site "Osrodek Wczasowo - Szkoleniowy"]
[Date "2011.??.??"]
[Round "1.13"]
[White "Strzemiecki, Zbigniew"]
[Black "Lapaj, Mateusz"]
[Result "1-0"]
[WhiteElo "2422"]
[BlackElo "2021"]
[PlyCount "49"]
[EventDate "2011.??.??"]

1. e4 c5 2. Nf3 Nc6 3. Bb5 g6 4. O-O Bg7 5. c3 Nf6 6. Re1 O-O 7. d4 cxd4 8.
cxd4 d6 9. d5 Qb6 10. Qe2 Nd4 11. Nxd4 Qxd4 12. Nc3 Bg4 13. Qf1 Bd7 14. a3 Rfc8
15. Be3 Bxb5 16. Qxb5 Qe5 17. f3 Rc7 18. Qa5 Rd7 19. Rac1 Qh5 20. Na4 Rdd8 21.
Rc7 Rd7 22. Rxd7 Nxd7 23. Qc7 Nc5 24. Nxc5 dxc5 25. Qxe7 1-0

[Event "Druzynowe Mistrzostwa Polski Juniorow<br"]
[Site "Osrodek Wczasowo - Szkoleniowy"]
[Date "2011.??.??"]
[Round "1.14"]
[White "Szolc, Grzegorz"]
[Black "Krzyzanowski, Marcin"]
[Result "1/2-1/2"]
[WhiteElo "1733"]
[BlackElo "2370"]
[PlyCount "144"]
[EventDate "2011.??.??"]

1. e4 c5 2. Nf3 e6 3. d4 cxd4 4. Nxd4 Nf6 5. Nc3 d6 6. Bg5 a6 7. f4 Qb6 8. Qd2
Nc6 9. Bxf6 gxf6 10. Nb3 Bd7 11. Be2 h5 12. O-O-O O-O-O 13. Kb1 Kb8 14. h4 Bg7
15. Rh3 Qf2 16. Bf3 Qxd2 17. Rxd2 Bf8 18. g3 Kc7 19. Rh1 b5 20. Nd1 Be7 21. Ne3
a5 22. Rhd1 Rdg8 23. Rg2 a4 24. Nd4 Nxd4 25. Rxd4 Bc6 26. c4 b4 27. f5 Rb8 28.
b3 Bf8 29. Rc2 axb3 30. axb3 Kb6 31. Rd3 Rg8 32. Rg2 Kc5 33. Nc2 exf5 34. exf5
Bxf3 35. Rxf3 d5 36. cxd5 Bh6 37. Re2 Rbd8 38. Re4 Rg4 39. Re7 Rxd5 40. Rxf7
Rd1+ 41. Kb2 Bc1+ 42. Ka2 Rg8 43. Ra7 Re8 44. Ra5+ Kd6 45. Ra6+ Kd7 46. Ra7+
Kc6 47. Ra6+ Kb5 48. Ra4 Re4 49. Ra8 Re2 50. Rb8+ Kc6 51. Rc8+ Kd7 52. Rc4 Kd6
53. Rc8 Ke7 54. Rc7+ Kd8 55. Rc6 Kd7 56. Rc4 Bh6 57. Kb2 Bc1+ 58. Ka2 Bh6 59.
Kb2 Rg2 60. Ka2 Rh2 61. Kb2 Bf8 62. Rff4 Bd6 63. Rfd4 Rxd4 64. Rxd4 Ke7 65.
Re4+ Kf7 66. Kc1 Bxg3 67. Rxb4 Rxh4 68. Rxh4 Bxh4 69. Kd2 Ke7 70. Ke3 Kd6 71.
Ke4 Bf2 72. Nb4 Bh4 1/2-1/2

[Event "Druzynowe Mistrzostwa Polski Juniorow<br"]
[Site "Osrodek Wczasowo - Szkoleniowy"]
[Date "2011.??.??"]
[Round "1.15"]
[White "Jarmula, Lukasz"]
[Black "Rosicki, Marcin"]
[Result "0-1"]
[WhiteElo "1871"]
[BlackElo "1603"]
[PlyCount "42"]
[EventDate "2011.??.??"]

1. e4 e5 2. Nf3 Nc6 3. Bb5 a6 4. Ba4 Nf6 5. O-O b5 6. Bb3 Bb7 7. Re1 Bc5 8. c3
d6 9. d4 Bb6 10. Be3 O-O 11. Nbd2 Re8 12. dxe5 Bxe3 13. exf6 Bxd2 14. Qxd2 Qxf6
15. Bd5 Na5 16. Bxb7 Nxb7 17. Qd5 Nc5 18. e5 Qe6 19. Qc6 Nd3 20. Re3 Nxe5 21.
Rae1 Nxc6 0-1

[Event "Druzynowe Mistrzostwa Polski Juniorow<br"]
[Site "Osrodek Wczasowo - Szkoleniowy"]
[Date "2011.??.??"]
[Round "1.16"]
[White "Erdmann, Krzysztof"]
[Black "Maciejewski, Andrzej"]
[Result "0-1"]
[WhiteElo "1597"]
[BlackElo "1747"]
[PlyCount "104"]
[EventDate "2011.??.??"]

1. e4 c5 2. Nc3 Nc6 3. g3 g6 4. Bg2 Bg7 5. d3 d6 6. Be3 e6 7. Nge2 Nge7 8. Qd2
Rb8 9. Bh6 O-O 10. h4 Bxh6 11. Qxh6 Kh8 12. Qg5 Ng8 13. Qxd8 Rxd8 14. f4 Bd7
15. h5 Kg7 16. hxg6 hxg6 17. g4 b5 18. Kd2 Rdc8 19. a4 a6 20. axb5 axb5 21. Ra6
Nf6 22. g5 Ne8 23. Raa1 Nc7 24. b3 b4 25. Na4 Nb5 26. Rh2 Na3 27. Rah1 Nd4 28.
Rh7+ Kf8 29. Rh8+ Ke7 30. Rxc8 Rxc8 31. Nb6 Rc6 32. Nxd4 Rxb6 33. Nf3 Ra6 34.
Rh7 Nb1+ 35. Ke3 Be8 36. f5 exf5 37. exf5 d5 38. Nh4 d4+ 39. Ke2 Nc3+ 40. Kd2
Ra1 41. Bf3 Bc6 42. Be2 gxf5 43. g6 Bd5 44. g7 Rg1 45. Rh8 f6 46. Nxf5+ Kd7 47.
Rh4 Rg2 48. Ng3 Rxg3 49. Bg4+ Ke7 50. Rh7 Kf7 51. Bf3 Bxf3 52. Rh2 Rg2+ 0-1

[Event "Druzynowe Mistrzostwa Polski Juniorow<br"]
[Site "Osrodek Wczasowo - Szkoleniowy"]
[Date "2011.??.??"]
[Round "1.17"]
[White "Leks, Maria"]
[Black "Rudol, Maria"]
[Result "1-0"]
[WhiteElo "2058"]
[BlackElo "1462"]
[PlyCount "139"]
[EventDate "2011.??.??"]

1. e4 e5 2. Nf3 Nc6 3. Bc4 Bc5 4. c3 Nf6 5. d4 exd4 6. e5 d5 7. Bb5 Nd7 8. cxd4
Bb4+ 9. Bd2 Bxd2+ 10. Nbxd2 O-O 11. O-O Ne7 12. Qc2 Nb6 13. Rac1 c6 14. Bd3 h6
15. Nb3 f6 16. Nc5 fxe5 17. Nxe5 Nf5 18. Rfe1 Qf6 19. Bxf5 Bxf5 20. Qd2 Rab8
21. a4 Rfd8 22. Qa5 Nc8 23. Qb4 Nd6 24. a5 a6 25. Re3 Nb5 26. Rf3 Qg5 27. Re1
Re8 28. Na4 Be6 29. Nc3 Nxc3 30. bxc3 Qd2 31. Rfe3 Rf8 32. Nf3 Rxf3 33. gxf3
Bf7 34. Qd6 Rf8 35. Kg2 Qa2 36. Qc7 Qb3 37. Qb6 Qxb6 38. axb6 a5 39. Ra1 Ra8
40. Re7 Kf8 41. Rxb7 Be6 42. Ra7 Rb8 43. b7 Ke7 44. R1xa5 Kd6 45. Ra2 Kc7 46.
Rb2 g6 47. Kg3 g5 48. h4 Bd7 49. hxg5 hxg5 50. f4 gxf4+ 51. Kxf4 Be6 52. Ke5
Bd7 53. f4 Re8+ 54. Kf6 Rf8+ 55. Kg7 Rb8 56. Ra8 Rxb7 57. Rxb7+ Kxb7 58. Rf8
Kc7 59. f5 Kd6 60. f6 Ke6 61. f7 Ke7 62. Re8+ Bxe8 63. f8=Q+ Kd7 64. Kf6 Bh5
65. Qe7+ Kc8 66. Ke6 Bd1 67. Kd6 Kb8 68. Kxc6 Ba4+ 69. Kb6 Bc6 70. Qd8# 1-0

[Event "Druzynowe Mistrzostwa Polski Juniorow<br"]
[Site "Osrodek Wczasowo - Szkoleniowy"]
[Date "2011.??.??"]
[Round "1.18"]
[White "Rudol, Matylda"]
[Black "Pastuszko, Kinga"]
[Result "0-1"]
[WhiteElo "1466"]
[BlackElo "1862"]
[PlyCount "72"]
[EventDate "2011.??.??"]

1. e4 e5 2. Nf3 Nc6 3. d4 exd4 4. Bc4 Nf6 5. e5 d5 6. Bb5 Ne4 7. Nxd4 Bd7 8.
Bxc6 bxc6 9. O-O Bc5 10. Be3 Bb6 11. f3 Ng5 12. f4 Ne4 13. Nd2 Nxd2 14. Qxd2 c5
15. Nf3 d4 16. Bf2 Bc6 17. Bh4 Qd7 18. f5 Qxf5 19. Ng5 Qg4 20. Rf4 Qh5 21. Nxf7
O-O 22. Ng5 Rxf4 23. Qxf4 Rf8 24. Qg3 Qg6 25. Qb3+ Kh8 26. e6 h6 27. e7 Rf6 28.
Qh3 Rf5 29. Re1 hxg5 30. Bxg5+ Kg8 31. Qb3+ Kh7 32. Qh3+ Kg8 33. Qb3+ c4 34.
Qxc4+ Kh7 35. Re6 d3+ 36. Kh1 Rf1# 0-1

[Event "Druzynowe Mistrzostwa Polski Juniorow<br"]
[Site "Osrodek Wczasowo - Szkoleniowy"]
[Date "2011.??.??"]
[Round "1.19"]
[White "Popiol, Michal"]
[Black "Matuszewski, Michal"]
[Result "0-1"]
[WhiteElo "1821"]
[BlackElo "2319"]
[PlyCount "92"]
[EventDate "2011.??.??"]

1. d4 d5 2. c4 e6 3. Nc3 c6 4. cxd5 exd5 5. Nf3 Bf5 6. Bg5 Qb6 7. Qc1 Nd7 8. e3
Ngf6 9. Nh4 Bg6 10. Nxg6 hxg6 11. Be2 Bd6 12. g3 Ne4 13. Nxe4 dxe4 14. O-O Qa5
15. Bf4 Bxf4 16. gxf4 O-O-O 17. f3 Nf6 18. b4 Qxb4 19. Rb1 Qe7 20. Ba6 Rd7 21.
Qxc6+ Kb8 22. Rfc1 exf3 23. Qxf3 Ne4 24. Rc2 f5 25. Rcb2 Nd6 26. a4 Rc8 27. a5
Rcc7 28. Bb5 Rd8 29. Bc6 a6 30. Rb6 Ka7 31. Bd5 Nb5 32. Bxb7 Rxb7 33. Qc6 Qxe3+
34. Kh1 Qe4+ 35. Qxe4 fxe4 36. Rxg6 Rxd4 37. Re6 Nd6 38. Rc1 Rd2 39. Rg6 e3 40.
Kg1 e2 41. Kf2 Rd1 42. Rg1 Rb2 43. Kf3 Rxc1 44. Rxc1 Rd2 45. Re1 Nf5 46. Ke4 g6
0-1

[Event "Druzynowe Mistrzostwa Polski Juniorow<br"]
[Site "Osrodek Wczasowo - Szkoleniowy"]
[Date "2011.??.??"]
[Round "1.20"]
[White "Matuszczyk, Przemyslaw"]
[Black "Tomsia, Kamil"]
[Result "1-0"]
[WhiteElo "2032"]
[BlackElo "2090"]
[PlyCount "105"]
[EventDate "2011.??.??"]

1. e4 c5 2. b3 d5 3. exd5 Qxd5 4. Nc3 Qe6+ 5. Qe2 Nc6 6. Nb5 Kd8 7. Bb2 Nf6 8.
O-O-O Qxe2 9. Bxe2 Ne4 10. Rf1 a6 11. Na3 Kc7 12. Bf3 Nf6 13. Nc4 Be6 14. Ne5
g6 15. Nxc6 bxc6 16. d3 Bh6+ 17. Kb1 Rhe8 18. Re1 Bd5 19. c4 Be6 20. Kc2 Rad8
21. h3 Bf5 22. Be5+ Kb7 23. Rd1 Nd7 24. Bc3 Nf8 25. Ne2 e5 26. Ng3 f6 27. Bg4
Bf4 28. Nxf5 gxf5 29. Bxf5 Kb6 30. b4 cxb4 31. Bxb4 c5 32. Bc3 Re7 33. Rb1+ Ka7
34. Rb3 Ne6 35. Bxe6 Rxe6 36. Bd2 Bxd2 37. Kxd2 Red6 38. Ke3 Rd4 39. g3 f5 40.
f3 h5 41. Rc1 Rg8 42. Kf2 e4 43. dxe4 fxe4 44. f4 Rd2+ 45. Ke3 Rxa2 46. Kxe4 a5
47. Rcc3 Re2+ 48. Kf5 Rf8+ 49. Kg5 Re7 50. f5 Rg7+ 51. Kf4 Rfg8 52. Ra3 Kb6 53.
Rcb3+ 1-0

[Event "Druzynowe Mistrzostwa Polski Juniorow<br"]
[Site "Osrodek Wczasowo - Szkoleniowy"]
[Date "2011.??.??"]
[Round "1.21"]
[White "Snihur, Piotr"]
[Black "Cieslak, Patrycjusz"]
[Result "1-0"]
[WhiteElo "1859"]
[BlackElo "1734"]
[PlyCount "61"]
[EventDate "2011.??.??"]

1. e4 d5 2. exd5 Nf6 3. d4 Bg4 4. f3 Bf5 5. Bb5+ c6 6. dxc6 Qa5+ 7. Nc3 Nxc6 8.
Nge2 O-O-O 9. Bxc6 bxc6 10. Be3 e5 11. Qc1 Bb4 12. O-O Bxc3 13. bxc3 Rhe8 14.
Rb1 Nd5 15. Qb2 Qb6 16. Qc1 Qc7 17. Bd2 Nb6 18. dxe5 Qxe5 19. Nd4 Qc5 20. Be3
Bg6 21. Ne6 Qxc3 22. Nxd8 Rxd8 23. Rf2 Kc7 24. Rb3 Qc4 25. Qb1 c5 26. a4 Qxa4
27. Bxc5 Qc6 28. Rc3 Kd7 29. Bxb6 Qxb6 30. Qxb6 axb6 31. Rd2+ 1-0

[Event "Druzynowe Mistrzostwa Polski Juniorow<br"]
[Site "Osrodek Wczasowo - Szkoleniowy"]
[Date "2011.??.??"]
[Round "1.22"]
[White "Koziol, Kamil"]
[Black "Mirski, Michal"]
[Result "0-1"]
[WhiteElo "1768"]
[BlackElo "1787"]
[PlyCount "92"]
[EventDate "2011.??.??"]

1. d4 d5 2. Nc3 Nf6 3. Bg5 Ne4 4. Nxe4 dxe4 5. e3 g6 6. Bc4 Bg7 7. c3 O-O 8.
Qc2 h6 9. Bf4 Bf5 10. h4 Nc6 11. a3 Kh7 12. Ne2 e5 13. Bg3 exd4 14. cxd4 Rc8
15. Nc3 Na5 16. Bd5 c5 17. Bxe4 Bxe4 18. Qxe4 cxd4 19. Ne2 Nb3 20. O-O Nxa1 21.
Rxa1 dxe3 22. fxe3 Bxb2 23. Rf1 Qd7 24. h5 Rfe8 25. Qf3 Re7 26. Nf4 Rxe3 27.
Qf2 Bd4 28. Kh1 Rxa3 29. Qe1 Re8 30. hxg6+ fxg6 31. Qd1 Rxg3 32. Kh2 Rg4 33. g3
h5 34. Rf3 Rd8 35. Qf1 Be5 36. Ng2 Kg7 37. Qe2 Re8 38. Qa2 Rxg3 39. Rxg3 Bxg3+
40. Kxg3 Qd6+ 41. Nf4 Re3+ 42. Kg2 Qxf4 43. Qb2+ Kh7 44. Qxb7+ Kh6 45. Qb1 Qg3+
46. Kf1 Rf3+ 0-1

[Event "Druzynowe Mistrzostwa Polski Juniorow<br"]
[Site "Osrodek Wczasowo - Szkoleniowy"]
[Date "2011.??.??"]
[Round "1.23"]
[White "Mucha, Magdalena"]
[Black "Krupa, Anna"]
[Result "1/2-1/2"]
[WhiteElo "1835"]
[BlackElo "1899"]
[PlyCount "81"]
[EventDate "2011.??.??"]

1. e4 c6 2. d4 d5 3. Nc3 dxe4 4. Nxe4 Bf5 5. Ng3 Bg6 6. Nh3 e6 7. Nf4 Bd6 8.
Nxg6 hxg6 9. Ne4 Nf6 10. Nxd6+ Qxd6 11. h3 Nbd7 12. c3 Nd5 13. Bd2 N7f6 14. Qf3
O-O 15. O-O-O b5 16. g3 Nb6 17. Bf4 Qd5 18. Qxd5 exd5 19. f3 Rfe8 20. Bd3 Nc4
21. h4 Nd7 22. b3 Ncb6 23. Rd2 Re6 24. Rdh2 Rae8 25. Bd2 Nc8 26. h5 Nd6 27.
hxg6 fxg6 28. Rh8+ Kf7 29. Rxe8 Nxe8 30. Kc2 Rf6 31. Rf1 Nd6 32. Bg5 Re6 33.
Bd2 Nf6 34. Kd1 Re8 35. Bf4 Nc8 36. Rh1 Nd7 37. Bg5 Nd6 38. Bf4 Nc8 39. Bg5 Nd6
40. Bf4 Nc8 41. Bg5 1/2-1/2